El comercio y la industria / (Record no. 54950)

MARC details
000 -LEADER
campo de control de longitud fija 00620nam a2200205 i 4500
001 - NÚMERO DE CONTROL
campo de control 54950
003 - IDENTIFICADOR DE NÚMERO DE CONTROL
campo de control ES-MaACL
007 - CAMPO FIJO DE DESCRIPCIÓN FÍSICA--INFORMACIÓN GENERAL
campo de control de longitud fija t|
008 - DATOS DE LONGITUD FIJA--INFORMACIÓN GENERAL
campo de control de longitud fija 040130s1886 sp ||||1| spa d
100 1# - ENTRADA PRINCIPAL--NOMBRE DE PERSONA
Nombre de persona Tauzin, Isidro.
9 (RLIN) 109413
245 13 - MENCIÓN DEL TÍTULO
Título El comercio y la industria /
Mención de responsabilidad, etc. por los señores Tauzin y García Alonso.
250 ## - MENCION DE EDICION
Mención de edición 1ª ed.
260 ## - PUBLICACIÓN, DISTRIBUCIÓN, ETC.
Lugar de publicación, distribución, etc. Madrid :
Nombre del editor, distribuidor, etc. [s.n.],
Fecha de publicación, distribución, etc. 1886 (
Fabricante Tip. de Dionisio de los Ríos)
300 ## - DESCRIPCIÓN FÍSICA
Extensión 80 p. ;
Dimensiones 21 cm.
490 1# - MENCIÓN DE SERIE
Mención de serie Biblioteca de los niños
700 1# - ENTRADA AGREGADA--NOMBRE PERSONAL
Nombre de persona García Alonso.
9 (RLIN) 54136
830 0# - PUNTO DE ACCESO ADICIONAL DE SERIE-TÍTULO UNIFORME
Título uniforme Biblioteca de los niños
9 (RLIN) 230312
852 ## - LOCALIZACIÓN
Ubicación ES-MaACL
Número de control de estantería T-742-F-3
Holdings
Estatus retirado Estado de pérdida Estado de daño No para préstamo Colección Biblioteca de origen Biblioteca actual Ubicación en estantería Fecha de adquisición Fuente de adquisición Total de préstamos Signatura topográfica completa Código de barras Visto por última vez Precio de reemplazo Tipo de ítem Koha
        Colección de folletos Biblioteca del Ateneo de Madrid Biblioteca del Ateneo de Madrid Depósito folletos 17/01/2008     T-742-F-3 1057745 23/02/2023 23/02/2023 Folleto